| 000 | 01074nam a2200241Ia 4500 | ||
|---|---|---|---|
| 999 |
_c38512 _d38512 |
||
| 001 | 4613 | ||
| 003 | GE_BSU | ||
| 005 | 20190510161945.0 | ||
| 008 | 181216s2001|||| |||||||||||||| ||geo|| | ||
| 020 | _a9992858435 | ||
| 040 | _cGE_BSU | ||
| 041 | _ageo | ||
| 080 | _a316.7(075.8) კ-65 | ||
| 100 |
_aკოდუა, ედუარდ _9985 |
||
| 245 |
_aკულტურის სოციოლოგია :დამხმ. სახელმძღვ. / _cედუარდ კოდუა ; მთ.რედ : მარინე ჩიტაშვილი ; რედ : ლია კაჭარავა |
||
| 264 |
_aთბილისი .: _bნეკერი, _c2001. |
||
| 300 |
_a293 გვ .; _c20სმ. |
||
| 653 | _aკულტურის სოციოლოგია | ||
| 653 | _aსოციოლოგია | ||
| 700 |
_aჩიტაშვილი, მარინე _eმთავარი რედაქტრორი _9977 |
||
| 700 |
_aკაჭარავა, ლია _eრედაქტორი _9986 |
||
| 942 |
_cBK _2udc |
||